| 000 | 01323nam0a22003251 4500 | ||
|---|---|---|---|
| 001 | v19\rc\1815084 | ||
| 005 | 20250619145158.0 | ||
| 035 | _a(NLR Aleph) 004938831 | ||
| 090 |
_a5758873 _c5758873 |
||
| 100 | _a20071224e19071907|||y0rusy50 ca | ||
| 101 | 0 | _arus | |
| 102 | _aRU | ||
| 105 | _ay z ||||| | ||
| 200 | 1 |
_aМарселен Бертело _d(Marcelin Berthelot) _e(25 окт. 1827 г. - 19 марта 1907 г.) _e[Некролог _f[Ив. Каблуков] _zfre |
|
| 210 |
_aМосква] _cтипо-лит. т-ва И.Н. Кушнерев и К° _d[1907] |
||
| 215 |
_a6 с. _d23 |
||
| 300 | _aАвт. указан в конце текста | ||
| 309 | _aБез тит. л. и обл. | ||
| 311 | _aОтт. из журн. "Вестн. воспитания" | ||
| 488 | 0 |
_12001#$aВестник воспитания _tВестник воспитания |
|
| 510 | 0 |
_a(Marcelin Berthelot) _zfre |
|
| 700 | 1 |
_aКаблуков _bИ.А. _f1857-1942 _gИван Алексеевич |
|
| 702 | 1 |
_6z01790 _aБертло _bП.Э.М. _f1827-1907 _gПьер Эжен Марселен _4570 |
|
| 790 | 1 |
_6z01702 _aБертело _bМ. _f1827-1907 _gМарселен |
|
| 801 | 0 |
_aRU _bNLR _gpsbo |
|
| 801 | 0 |
_aRU _bRuMoRGB _2psbo |
|
| 801 | 1 |
_aRU _bProSoft-M _2rusmarc |
|
| 852 |
_aNLR _jХо2/Б-6/3 |
||
| 942 | _cBOOK | ||
| 980 | _aNB | ||